000 00621nam a2200229 a 4500
999 _c5489
_d5489
001 5489
003 BD-JhCC
005 20230208134023.0
008 171217s1961 us a|||| || | 001 0 eng d
035 _a(BD-JhCC)5489
040 _aBD-JhCC
_dBD-JhCC
041 _aeng
082 _a516
_bYAT 1961
100 _aYates, Robert C.
245 _aAnalytic Geometry :
_bwith Calculus /
_cRobert C. Yates,
260 _aFlorida :
_bPrentice-Hall, Inc.
_c1961.
300 _a247 p. :
_bill. ;
_c22 cm.
504 _aIncludes Index
650 _aGeometry, Analytic
_xStudy and Teaching
942 _2ddc
_cBK
_01